书目信息 |
| 书名: | Patterns in language | |
| 作者: | Joanna Thornborrow and Shan Wareing著 ; 刘世生导读. | |
| 分册号: | ||
| 分册名: | 出版地: | 北京 : |
|
| 出版社: | 外语教学与研究出版社 | |
| 出版时间: | 2000. | |
| 页数: | 30, 269 p. : | |
| 开本: | 23 cm. | |
| 丛书名: | 当代国外语言学与应用语言学文库 | |
| 中图分类号: | ||
| 科图分类号: | ||
| 其他分类号: | H052 | |
| 主题词: | ||
| 电子资源: | ||
| 000 | 02182nam a2200829 a 4500 | |
| 001 | E0732636426 | |
| 003 | CAL | |
| 005 | 20070819090539.93 | |
| 008 | 060403r20001998cc a rb 001 0 eng d | |
| 020 | @a7560019889 :@cCNY24.90. | |
| 040 | @aECNU@cECN | |
| 041 | 0 | @aeng@bchi |
| 050 | 4 | @aP301@b.T49 |
| 082 | 04 | @a809@221 |
| 090 | @aH052 | |
| 093 | @aH052@24 | |
| 099 | @dH052@ex15 | |
| 100 | 1 | @aThornborrow, Joanna,@d1957- |
| 245 | 10 | @aPatterns in language :@bstylistics for students of language and literature = 语言模式 : 文体学入门 / @cJoanna Thornborrow and Shan Wareing著 ; 刘世生导读. |
| 246 | 31 | @a语言模式 :@b文体学入门 |
| 260 | @a北京 :@b外语教学与研究出版社,@c2000. | |
| 300 | @a30, 269 p. :@bill. ;@c23 cm. | |
| 440 | 0 | @a当代国外语言学与应用语言学文库 |
| 504 | @aIncludes bibliographical references (p. 255-259) and index. | |
| 534 | @pReprint. Originally published:@cLondon : Routledge, c1998. | |
| 650 | 0 | @aLanguage and languages@xStyle. |
| 650 | 0 | @aStyle, Literary. |
| 700 | 1 | @aWareing, Shan,@d1966- |
| 700 | 1 | @aLiu, Shisheng@9(刘世生) |
| 920 | @a231220@z2 | |
| 920 | @a232010@z1 | |
| 920 | @a242020@z1 | |
| 920 | @a231010@z1 | |
| 920 | @a243160@z1 | |
| 920 | @a244020@z2 | |
| 920 | @a242120@z2 | |
| 920 | @a223010@z1 | |
| 920 | @a244050@z2 | |
| 920 | @a211010@z1 | |
| 920 | @a211410@z1 | |
| 920 | @a214010@z2 | |
| 920 | @a231280@z2 | |
| 920 | @a211050@z2 | |
| 920 | @a211060@z1 | |
| 920 | @a237385@z2 | |
| 920 | @a237010@z2 | |
| 920 | @a211260@z1 | |
| 920 | @a215010@z2 | |
| 920 | @a243040@z1 | |
| 920 | @a211270@z1 | |
| 920 | @a246060@z0 | |
| 920 | @a251430@z2 | |
| 920 | @a244010@z1 | |
| 920 | @a246010@z1 | |
| 920 | @a222220@z1 | |
| 920 | @a236010@z2 | |
| 920 | @a241061@z1 | |
| 920 | @a221060@z1 | |
| 920 | @a223140@z1 | |
| 920 | @a222020@z2 | |
| 920 | @a211390@z1 | |
| 920 | @a242250@z2 | |
| 920 | @a221020@z1 | |
| 920 | @a211340@z1 | |
| 920 | @a221010@z2 | |
| 920 | @a246040@z1 | |
| 920 | @a237020@z1 | |
| 920 | @a242010@z1 | |
| 920 | @a261020@z1 | |
| 920 | @a212010@z2 | |
| 920 | @a211290@z2 | |
| 998 | @aECN | |
| Patterns in language : : stylistics for students of language and literature = 语言模式 : 文体学入门 / / Joanna Thornborrow and Shan Wareing著 ; 刘世生导读.-北京 : : 外语教学与研究出版社, , 2000. |
| 30, 269 p. : : ill. ; ; 23 cm.- (当代国外语言学与应用语言学文库) |
| Includes bibliographical references (p. 255-259) and index. |
| ISBN 7560019889 :CNY24.90. |
| ● |
| 相关链接 |
|
|
|
|
正题名:Patterns in language
索取号:H052/x15
 
预约/预借
| 序号 | 登录号 | 条形码 | 馆藏地/架位号 | 状态 | 备注 |
| 1 | 0016771 | 300167717 | 第二样本阅览室/ [索取号:H052/x15] | 在馆 | |
| 2 | 0016772 | 300167726 | 第四借阅区/ [索取号:H052/x15] | 在馆 | |
| 3 | 0016773 | 300167735 | 第四借阅区/ [索取号:H052/x15] | 在馆 | |
| 4 | 0016774 | 300167744 | 第四借阅区/ [索取号:H052/x15] | 在馆 | |
| 5 | 0016775 | 300167753 | 第四借阅区/ [索取号:H052/x15] | 在馆 |